MARC

Tag First Indicator Second Indicator Subfields
LEADER 00000cam a22000004a 4500
001 in00003402667
005 20190405202632.0
006 m d
007 cr |||||||nn|n
008 120717s2012 mau o d eng d
010 |z  2012028716 
020 |a 9781613762202 
020 |a 1613762208 
020 |z 9781558499751 (pbk. : alk. paper) 
020 |z 9781558499744 (library cloth : alk. paper) 
020 |z 1558499741 
035 |a (MdBmJHUP)muse9781613762202 
040 |a MdBmJHUP  |c MdBmJHUP  |d UtOrBLW 
043 |a n-us---  |a a-vt---  |a u-at--- 
050 0 0 |a DS559.8.C5  |b M37 2012 
082 0 0 |a 959.704/38  |2 23 
100 1 |a Martini, Edwin A.,  |d 1975- 
245 1 0 |a Agent Orange :  |b history, science, and the politics of uncertainty /  |c Edwin A. Martini. 
264 1 |a Amherst, MA :  |b University of Massachusetts Press,  |c [2012] 
264 4 |c ©2012 
300 |a 1 online resource (320 pages) 
336 |a text  |b txt  |2 rdacontent 
337 |a computer  |b c  |2 rdamedia 
338 |a online resource  |b cr  |2 rdacarrier 
490 1 |a Culture, politics, and the cold war 
504 |a Includes bibliographical references and index. 
505 0 |a List of abbreviations and acronyms -- Introduction: approaching Agent Orange -- Only you can prevent forests: the chemical war and the illusion of control -- Hearts, minds, and herbicides: the politics of the chemical war -- Incinerating Agent Orange: dioxin, disposal, and the environmental imaginary -- The politics of uncertainty: science, policy, and the state -- "All those others so unfortunate": Vietnam and the global legacies of the chemical war -- Conclusion: Agent Orange and the limits of science and history. 
588 |a Description based on print version record. 
500 |a Electronic resource. 
650 0 |a Veterans  |x Diseases  |z Australia. 
650 0 |a Veterans  |x Diseases  |z United States. 
650 0 |a Agent Orange  |x Environmental aspects. 
650 0 |a Agent Orange  |x Toxicology. 
650 0 |a Agent Orange  |x War use. 
650 0 |a Vietnam War, 1961-1975  |x Chemical warfare. 
655 7 |a Electronic books.  |2 local 
856 4 0 |u http://proxy.library.tamu.edu/login?url=http://muse.jhu.edu/books/9781613762202/  |z Connect to the full text of this electronic book  |t 0 
830 0 |a Culture, politics, and the cold war. 
999 |a MARS 
999 f f |s df1bbf37-c189-38c8-a729-589ea7ade3ab  |i 1f8d2822-f5a8-3118-a12c-e17c532085bf  |t 0 
952 f f |a Texas A&M University  |b College Station  |c Electronic Resources  |d Available Online  |t 0  |e DS559.8.C5 M37 2012  |h Library of Congress classification 
998 f f |a DS559.8.C5 M37 2012  |t 0  |l Available Online